000 01065cam a2200301 i 4500
001 19846
003 BD-RjUL
005 20211209000503.0
008 140225r19071955nyuc 000 0 eng d
020 _a0404145531
035 _a(BD-RjUL)19907
040 _aDLC
_cDLC
_dDLC
_dBD-RjUL
_beng
041 _aeng
082 0 0 _a821.3
_bHEP 1955
100 1 _aHerbert, George,
_d1593-1633.
_960953
245 0 4 _aThe poems of George Herbert /
_cwith an introd. by Arthur Waugh.
260 _aNew York :
_bAMS Press,
_c1907 [Reprinted 1955]
300 _axxiii,277 p. :
_bport. ;
_c18 cm.
500 _aComplete, comprising Herbert's English poems, collectively known as The temple, and his Latin poems.
500 _aReprint of the 1907 ed. published by Oxford University Press, London.
650 0 _aChristian poetry, English
_yEarly modern, 1500-1700.
_960954
650 0 _aChristian poetry, Latin (Medieval and modern)
_960955
700 1 _aWaugh, Arthur
_960956
942 _2ddc
_cBK
999 _c19846
_d19846